Nuevo marketing total
Furkejuvvon:
| Váldodahkki: | |
|---|---|
| Materiálatiipa: | Girji |
| Giella: | espánnjágiella |
| Almmustuhtton: |
Buenos Aires
McGraw-Hill
2002
|
| Preanttus: | 1a. ed |
| Fáttát: | |
| Fáddágilkorat: |
Lasit fáddágilkoriid
Eai fáddágilkorat, Lasit vuosttaš fáddágilkora!
|
MARC
| LEADER | 00000cam a2200000 a 4500 | ||
|---|---|---|---|
| 001 | UCD5327 | ||
| 003 | CL-VaPUC | ||
| 008 | 160902e20020000ag |||||||||||||||||spa|d | ||
| 020 | |a 9872003262 | ||
| 082 | 0 | 4 | |a 658.8 |b BRA |2 21 |
| 100 | 0 | |a Braidot, Néstor Pedro |e author |9 589112 | |
| 245 | 1 | 0 | |a Nuevo marketing total |
| 250 | |a 1a. ed | ||
| 300 | |a 399 p | ||
| 942 | |c BK | ||
| 945 | |d 20160902 15:38:00 |a dcastane | ||
| 260 | |a Buenos Aires |b McGraw-Hill |c 2002 | ||
| 650 | 0 | |a Comercialización |9 259326 | |
| 650 | 0 | |a Investigación de mercado |9 332310 | |
| 650 | 0 | |a Marketing estratégico |9 358049 | |
| 583 | |a last modification |c 20160902 15:38:00 |k Rodrigo Vera | ||
| 999 | |c 366045 |d 366043 | ||